00302cam a22000977a 4500008004000000082001500040245007300055260003200128300000900160700003500169180718b1978 xxu||||| |||| 00| 0 eng d aN4x54 In2g aNational police comission questionnairecby Ministry of Home Affairs aNew DelhibCRPF Pressc1978 a18p. aIndia.Ministry of Home Affairs